000 01457nam a2200217Ia 4500
003 Ost
005 20260507075612.0
008 260507s9999||||xx |||||||||||||| ||und||
040 _cfsecg
041 _aara
082 _a346.02
100 _aكساب، مروان
_eمؤلف
245 0 _aالخطأ العقدي وآثار العقد /
_c مروان كساب
260 _a[دون مكان]:
_bمطابع واكد,
_c2000
300 _a158 صفحة؛
_bإيضاحات ؛
_c24 سم
504 _aالمراجع ص.149
520 _aتعريف آثار العقد والتمييزين أثر الموجب وأثر العقد والادارة الباطنية والادارة الظاهرة، المذهب اللاتيني والمذهب الألماني، المذهب الفردي والمذهب الاجتماعي، مبدأ نسبية العقود، تفسير العقد بالنسبة للموضوع، تحديد مدى الموجبات الناشئة عند العقد، تنفيد العقد أو الجزاء المترتب عليه، مسألة تحرير نطاق العقد، آثار العقد بالنسبة للاشخاص، نظرية التعاقد لمصلحة الغير، مفهوم العقد في اطار القانون المدني والحالات العلمية للتعهد عن الغير، نظرية الحوادث الطارئة
653 _aالعقود
653 _aالقانون المدني
942 _cكتاب
999 _c45093
_d45093